00661nam a2200217 a 4500001001300000003000900013005001700022008004100039020002300080082001300103100002300116245003800139260004700177300001000224500003500234650002800269902000800297942000700305952011400312999001700426nice12345678IN_TiNIC20260116014535.0130520s2012 kola grp 000 0 eng  a9788186954911c49500a254bCHA aChaudhuri, Supriya aPetrarchb The Self and the World aKolkata bJadavpur Unviersity Press c2012 a240p  aincludes index and biblioraphy aItalian Essays-Petrarch bSRS cBK 001040708StackRoom-aHMIbHMId2013-05-20g495.00l0o254 CHAp024069r2013-05-20v495.00w2013-05-20yBK c15863d15863